|
|
|
|
| LEADER |
00000nab a2200000 a 4500 |
| 001 |
vtls000838901 |
| 003 |
SK-MaSNL |
| 005 |
20260304115439.0 |
| 008 |
250429c2003 xo 0 slo |
| 015 |
|
|
|a SNBRB2003/07-19123
|
| 035 |
|
|
|a CLN000190556
|
| 035 |
|
|
|a urn:nbn:sk:snk-ab2bl9
|
| 035 |
|
|
|a (urnnbn)urn:nbn:sk:snk:ar-a0230i
|
| 035 |
|
|
|a (uuid)6611ba03-91cc-4d73-8557-986f10f90dbc
|
| 040 |
|
|
|a SNKBUCL
|b slo
|c SNKBUCL
|e AACR2
|
| 041 |
0 |
|
|a slo
|
| 044 |
|
|
|a xo
|c SK
|
| 080 |
|
|
|a 316:061.3
|2 1997
|
| 100 |
1 |
|
|a Liptáková, Eva,
|c sociologička
|4 aut
|9 1421976
|
| 245 |
1 |
0 |
|a Piata študentská sociotechnická konferencia poslucháčov sociológie Fekulty humanistiky Trnavskej univerzity v Trnave
|c Eva Liptáková
|
| 650 |
0 |
7 |
|a sociotechnika
|x koferencie študentské
|x 2002
|2 snkbucl
|9 1421977
|
| 650 |
0 |
7 |
|a sociológia
|2 snkbucl
|9 1010
|
| 655 |
|
7 |
|a články z novín a časopisov
|2 snkbucl
|9 267496
|
| 773 |
0 |
|
|t Sociológia
|g Roč. 35, č. 1 (2003), s. 93-94
|x 0049-1225
|
| 850 |
|
|
|a Slovenská národná knižnica
|
| 852 |
|
|
|a Slovenská národná knižnica
|
| 954 |
|
|
|a odborná, vedecká literatúra pôvodná (slovenská)
|2 lita
|
| 958 |
|
|
|a article27
|
| 958 |
|
|
|a OND
|
| 958 |
|
|
|a EUIPO
|
| 992 |
|
|
|a RBX
|
| 999 |
|
|
|c 2876007
|d 2877937
|